000 00227nam a22000977a 4500
003 OSt
008 210114b ||||| |||| 00| 0 eng d
100 _aMohammed, Kunju P. K
_94860
245 _aAnweshanavum kandethalum
942 _cBK
999 _c16513
_d16513